000 00252nam a2200097Ia 4500
008 230915s9999 xx 000 0 und d
050 _aZ 695 .Z8 S78 1990
100 _aSTUDWELL,WILLIAM E.
245 0 _aLIBRARY OF CONGRESS SUBJECT HEADING
942 _cBK
999 _c206777
_d206777